Discursos leídos ante la Academia de Ciencias Exactas, Físicas y Naturales en la recepción del Sr. D. Luis de la Escosura el día 4 de julio de 1869. (Registro nro. 22176)

Detalles MARC
000 -LEADER
campo de control de longitud fija 01122nam a2200265 i 4500
001 - NÚMERO DE CONTROL
campo de control 22176
003 - IDENTIFICADOR DE NÚMERO DE CONTROL
campo de control ES-MaACL
005 - FECHA Y HORA DE LA ÚLTIMA TRANSACCIÓN
campo de control 20250821110925.0
007 - CAMPO FIJO DE DESCRIPCIÓN FÍSICA--INFORMACIÓN GENERAL
campo de control de longitud fija t|
008 - DATOS DE LONGITUD FIJA--INFORMACIÓN GENERAL
campo de control de longitud fija 030128s1869 sp |||| | spa d
080 ## - NÚMERO DE LA CLASIFICACIÓN DECIMAL UNIVERSAL
Número de la Clasificación Decimal Universal 543
245 00 - MENCIÓN DEL TÍTULO
Título Discursos leídos ante la Academia de Ciencias Exactas, Físicas y Naturales en la recepción del Sr. D. Luis de la Escosura el día 4 de julio de 1869.
260 ## - PUBLICACIÓN, DISTRIBUCIÓN, ETC.
Lugar de publicación, distribución, etc. Madrid :
Nombre del editor, distribuidor, etc. [s.n.],
Fecha de publicación, distribución, etc. 1869 (
Fabricante Imp. de la Viuda de Aguado e Hijo)
300 ## - DESCRIPCIÓN FÍSICA
Extensión 58 p. ;
Dimensiones 25 cm.
530 ## - NOTA DISPONIBLE DE FORMULARIO FÍSICO ADICIONAL
Nota de formato físico adicional disponible Disponible en formato digital.
594 ## - Nota al título y mención de responsabilidad
Nota al título y mención de responsabilidad Tema del discurso: Los límites del análisis químico
594 ## - Nota al título y mención de responsabilidad
Nota al título y mención de responsabilidad Incluye el discurso de contestación de Magín Bonet y Bonfill
650 #7 - PUNTO DE ACCESO ADICIONAL DE MATERIA--TÉRMINO DE MATERIA
Término de materia o nombre geográfico como elemento de entrada Química analítica
Fuente del encabezamiento o término embne
9 (RLIN) 16630
700 1# - ENTRADA AGREGADA--NOMBRE PERSONAL
Nombre de persona Escosura Morrogh, Luis de la,
Fechas asociadas al nombre 1821-1904
9 (RLIN) 126953
700 1# - ENTRADA AGREGADA--NOMBRE PERSONAL
Nombre de persona Bonet y Bonfill, Magín.
9 (RLIN) 30137
710 2# - ENTRADA AGREGADA--NOMBRE DE ENTIDAD CORPORATIVA
Nombre de entidad corporativa o nombre de jurisdicción como elemento de entrada Real Academia de Ciencias Exactas, Físicas y Naturales de España.
9 (RLIN) 175635
852 4# - LOCALIZACIÓN
Ubicación ES-MaACL
Número de control de estantería T-97-F-9
856 4# - LOCALIZACIÓN Y ACCESO ELECTRÓNICOS
Identificador Uniforme de Recursos <a href="http://bdh-rd.bne.es/viewer.vm?id=0000048174&page=1 ">http://bdh-rd.bne.es/viewer.vm?id=0000048174&page=1 </a>
Nota pública Biblioteca Digital Hispánica
Existencias
Estatus retirado Estado de pérdida Estado de daño No para préstamo Colección Biblioteca de origen Biblioteca actual Ubicación en estantería Fecha de adquisición Fuente de adquisición Total de préstamos Signatura topográfica completa Código de barras Visto por última vez Precio de reemplazo Tipo de ítem Koha
        Colección de folletos Biblioteca del Ateneo de Madrid Biblioteca del Ateneo de Madrid Depósito folletos 17/01/2008     T-97-F-9 1022812 23/02/2023 23/02/2023 Folleto